| 000 | 00000nam##2200000za#4500 |
| 001 | 9.622064 |
| 003 | CaOODSP |
| 005 | 20200327171452 |
| 007 | ta |
| 008 | 150406|1993||||xxc||||| f|0| 0 fre|d |
| 022 | |a1191-7237 |
| 040 | |aCaOODSP|bfre |
| 043 | |an-cn--- |
| 086 | 1 |aNM95-57/11-4-1993F |
| 110 | 1 |aCanada.|bCommunications Canada. |bInstitut canadien de conservation. |
| 245 | 10|aColle d'amidon de blé |
| 260 | |aOttawa - Ontario : |bCommunications Canada. |c1993. |
| 300 | |a2p. : |bréférences ; |c28 cm. |
| 490 | 1 |aNotes de l'ICC |x1191-7237|v11/4 |
| 500 | |aN.B.: Le numéro de catalogue (NM 95-57/11-4-1986F) imprimé dans cette publication est incorrect. |
| 563 | |aFeuilles mobiles |
| 776 | 0#|tColle d'amidon de blé |w(CaOODSP)9.601014 |
| 830 | #0|aNotes de l'ICC,|x1191-7237|v11/4|w(CaOODSP)9.513183 |